Music Quiz

Random Music or Song Quiz

VH1's 100 Songs ('90s) Quiz Stats

 Plays Quiz Updated Feb 6, 2020

Support Sporcle.
Go Orange.
Score 0/100 Timer 16:00
25 Plays Today
Rank Artist % Correct
1Nirvana
93.9%
7Britney Spears
88.9%
3Backstreet Boys
88.4%
29Vanilla Ice
84.7%
35Oasis
81.4%
5Madonna
80.6%
16MC Hammer
80%
28Ricky Martin
79.1%
21Celine Dion
78.4%
4Whitney Houston
75.9%
20Hanson
75.7%
26Eminem
75.4%
9R.E.M.
74.5%
8TLC
74.4%
18Metallica
74.1%
38Christina Aguilera
71.2%
37Green Day
71.2%
68Will Smith
70.8%
15Red Hot Chili Peppers
66.9%
17Destiny's Child
66.9%
33Spice Girls
66.2%
6Sir Mix-A-Lot
66.1%
39Goo Goo Dolls
65.9%
87Billy Ray Cyrus
65.6%
30*NSYNC
64.4%
512Pac (featuring Dr. Dre and Roger Troutman)
63.7%
11Pearl Jam
62.8%
59Weezer
61.1%
2U2
60.6%
19Beastie Boys
59.3%
31Radiohead
57.4%
22Beck
54.6%
13Dr. Dre (featuring Snoop Doggy Dogg)
53.7%
27Counting Crows
52.9%
Rank Artist % Correct
10Sinéad O'Connor
52.7%
63The Notorious B.I.G. featuring Mase & Puff Daddy
50.9%
44The Fugees
49.9%
25Soundgarden
49.1%
80Right Said Fred
48.8%
34Third Eye Blind
47.5%
12Alanis Morissette
47.4%
69Korn
46.9%
46Shania Twain
44.8%
72Barenaked Ladies
44.2%
48Matchbox Twenty
43%
56L.L. Cool J
43%
23Salt-N-Pepa (with En Vogue)
41.2%
24House of Pain
40.9%
86The Cranberries
40.9%
61Sheryl Crow
40.5%
78Lenny Kravitz
37%
49Jewel
36.1%
41Spin Doctors
36.1%
45Hootie & the Blowfish
35.5%
32BLACKstreet
35.2%
74Cher
34.2%
73Marcy Playground
34.2%
14Mariah Carey
33.9%
85Cypress Hill
33.4%
57Jay-Z featuring Amil and Ja Rule
32.6%
47Marky Mark and the Funky Bunch
32.4%
64The Presidents of the U.S.A.
31.6%
52Sugar Ray
30.5%
43En Vogue
30.2%
77Ice Cube
29.9%
50Alice in Chains
29.7%
79Meredith Brooks
27.4%
66Edwin McCain
26.5%
Rank Artist % Correct
70Jamiroquai
26.4%
84Snow
25.4%
36C+C Music Factory
25.4%
53Naughty by Nature
25.1%
75Kris Kross
25%
55Fiona Apple
24.8%
76Blues Traveler
24.4%
95Montell Jordan
22.5%
97Prince & The New Power Generation
21.8%
62Live
21.6%
93Lisa Loeb
21.1%
42Collective Soul
19.8%
90New Radicals
19.7%
91Sarah McLachlan
19.5%
94Fastball
18.8%
40Color Me Badd
18.5%
92Public Enemy
18.1%
98EMF
17.7%
54Joan Osborne
17.6%
99Missy Elliott
16.9%
82Geto Boys
16.3%
65Digital Underground
16.2%
71Arrested Development
15.9%
81Paula Cole
15.9%
60Bell Biv DeVoe
15.7%
67Deee-Lite
15.6%
88Duncan Sheik
15.2%
100Gerardo
11.4%
83The Breeders
11%
58Sophie B. Hawkins
8.1%
96Nelson
7.7%
89Liz Phair
3.8%

From the Vault

Pixelated Big 4 Logos

by Chenchilla

Sports 6m
The biggest sports teams in the lowest resolution.
Remove Ads.
Support Sporcle.
Get the best of Sporcle when you Go Orange. This ad-free experience offers more features, more stats, and more fun while also helping to support Sporcle. Thank you for becoming a member.

Show Comments

Extras

Top Quizzes Today


Score Distribution

Your Account Isn't Verified!

In order to create a playlist on Sporcle, you need to verify the email address you used during registration. Go to your Sporcle Settings to finish the process.

Report this User

Report this user for behavior that violates our Community Guidelines.

Details: